| 000 | 00410nam a22001697a 4500 | ||
|---|---|---|---|
| 003 | BD-DhUL | ||
| 005 | 20170126124207.0 | ||
| 008 | 170126b xxu||||| |||| 00| 0 eng d | ||
| 040 | _cBD-DhUL | ||
| 082 |
_a895.13 _bCHH |
||
| 100 | _aPrize, Stalin | ||
| 245 |
_aThe hurricane / _cPrize, Stalin |
||
| 260 |
_aPeking : _bFLP, _c1955. |
||
| 300 |
_a409 p. ; _c24 cm. |
||
| 650 | _aLiterature | ||
| 942 |
_2ddc _cBK |
||
| 999 |
_c155734 _d155734 |
||